000 00555nam a2200181Ia 4500
003 GCL
008 140319s9999 xx 000 0 ara d
040 _aGCL /
_cGCL
082 0 4 _a882
_bم م
100 1 _aمحمد صقر خفاجة
245 1 0 _aالمأساة اليونانية فى القرن الخامس ق.م /
_cمحمد صقر خفاجة
700 1 _aعبدالمعطى شعراوى
300 _a170
490 _aالالف كتاب
_v0
650 0 4 _aالادب اليونانى
650 0 4 _aالشعر الدرامى
942 _2ddc
_cBK
999 _c43716
_d43716